000 00658nam a2200253Ia 4500
003 OSt
005 20221006152636.0
006 a|||||r|||| 00| 0
007 ta
008 221006b |||||||| |||| 00| 0 chi d
020 _a7800061671/H.45
_cYu 4.60
024 _a29,156
037 _bGift, NOCFL
_cTextual
040 _aEASL
_cEASL
_bchi
041 _2chi
_achi
082 _aP41,4, 41M9
245 0 _aXiandai hanyu Tongyongzi biao
260 _aBeijing
_bYuwen chubanshe
_c1989
300 _a444p.
_ccm.
490 _v CL
650 _aCL
_9642733
942 _hP41,4, 41M9
_cTEXL
_2CC
999 _c1097242
_d1097242